Tradiciones, relatos devocionales y episodios históricos en la ciudad de Baeza / (Record no. 18915)

MARC details
000 -LEADER
campo de control de longitud fija 01021nam a2200265 i 4500
001 - NÚMERO DE CONTROL
campo de control 18915
003 - IDENTIFICADOR DE NÚMERO DE CONTROL
campo de control ES-MaACL
005 - FECHA Y HORA DE LA ÚLTIMA TRANSACCIÓN
campo de control 20230906151943.0
007 - CAMPO FIJO DE DESCRIPCIÓN FÍSICA--INFORMACIÓN GENERAL
campo de control de longitud fija t|
008 - DATOS DE LONGITUD FIJA--INFORMACIÓN GENERAL
campo de control de longitud fija 020410s2001 sp ||||1| spa d
020 ## - NÚMERO INTERNACIONAL ESTÁNDAR DEL LIBRO
Número Internacional Estándar del Libro 84-87311-18-0
080 ## - NÚMERO DE LA CLASIFICACIÓN DECIMAL UNIVERSAL
Número de la Clasificación Decimal Universal 946.035.2 Baeza
100 1# - ENTRADA PRINCIPAL--NOMBRE DE PERSONA
Nombre de persona Rodríguez-Moñino Soriano, Rafael.
9 (RLIN) 98682
245 10 - MENCIÓN DEL TÍTULO
Título Tradiciones, relatos devocionales y episodios históricos en la ciudad de Baeza /
Mención de responsabilidad, etc. Rafael Rodríguez-Moñino Soriano, José Policarpo Cruz Cabrera ; fotografías de Pedro Narvèz Moreno y Domingo López (s.XIX).
260 ## - PUBLICACIÓN, DISTRIBUCIÓN, ETC.
Lugar de publicación, distribución, etc. Madrid :
Nombre del editor, distribuidor, etc. Asociación Cultural Beturia ;
Lugar de publicación, distribución, etc. Baeza :
Nombre del editor, distribuidor, etc. Ayuntamiento,
Fecha de publicación, distribución, etc. [2001]
300 ## - DESCRIPCIÓN FÍSICA
Extensión 211 p. :
Otras características físicas il., fot. ;
Dimensiones 22 cm.
651 #4 - PUNTO DE ACCESO ADICIONAL DE MATERIA--NOMBRE GEOGRÁFICO
Nombre geográfico Baeza-
Subdivisión general Historia.
9 (RLIN) 157691
700 1# - ENTRADA AGREGADA--NOMBRE PERSONAL
Nombre de persona Cruz Cabrera, José Policarpo.
9 (RLIN) 41816
700 1# - ENTRADA AGREGADA--NOMBRE PERSONAL
Nombre de persona Narvèz Moreno, Pedro.
9 (RLIN) 130399
700 1# - ENTRADA AGREGADA--NOMBRE PERSONAL
Nombre de persona López, Domingo.
9 (RLIN) 73322
710 2# - ENTRADA AGREGADA--NOMBRE DE ENTIDAD CORPORATIVA
Nombre de entidad corporativa o nombre de jurisdicción como elemento de entrada Asociación Cultural Beturia.
9 (RLIN) 1530
710 1# - ENTRADA AGREGADA--NOMBRE DE ENTIDAD CORPORATIVA
Nombre de entidad corporativa o nombre de jurisdicción como elemento de entrada Baeza.
Unidad subordinada Ayuntamiento.
9 (RLIN) 2083
852 ## - LOCALIZACIÓN
Ubicación ES-MaACL
Número de control de estantería L-25400
Holdings
Estatus retirado Estado de pérdida Estado de daño No para préstamo Biblioteca de origen Biblioteca actual Ubicación en estantería Fecha de adquisición Fuente de adquisición Total de préstamos Signatura topográfica completa Código de barras Visto por última vez Precio de reemplazo Tipo de ítem Koha
        Biblioteca del Ateneo de Madrid Biblioteca del Ateneo de Madrid Depósito 2 17/01/2008     L-25400 1019353 23/02/2023 23/02/2023 Libro impreso